समास. (Record no. 262827)

MARC details
000 -LEADER
fixed length control field 00591nam a2200181Ia 4500
008 - FIXED-LENGTH DATA ELEMENTS--GENERAL INFORMATION
fixed length control field 090630s9999 xx 000 0 und d
082 ## - DEWEY DECIMAL CLASSIFICATION NUMBER
Item number 10971
100 ## - MAIN ENTRY--PERSONAL NAME
Personal name देवधर ज्योत्स्ना.
245 ## - TITLE STATEMENT
Title समास.
Statement of responsibility, etc देवधर ज्योत्स्ना.
260 ## - PUBLICATION, DISTRIBUTION, ETC. (IMPRINT)
Name of publisher, distributor, etc मॅजेस्टीक.
Date of publication, distribution, etc 1990
300 ## - PHYSICAL DESCRIPTION
Extent 163
600 ## - SUBJECT ADDED ENTRY--PERSONAL NAME
Personal name देवधर ज्योत्स्ना.
630 ## - SUBJECT ADDED ENTRY--UNIFORM TITLE
Uniform title समास.
655 ## - INDEX TERM--GENRE/FORM
Genre/form data or focus term लघुकथा.
700 ## - ADDED ENTRY--PERSONAL NAME
Personal name देवधर ज्योत्स्ना.
730 ## - ADDED ENTRY--UNIFORM TITLE
Uniform title समास.
942 ## - ADDED ENTRY ELEMENTS (KOHA)
Koha item type Book
Holdings
Withdrawn status Lost status Damaged status Not for loan Home library Current library Date acquired Cost, normal purchase price Total Checkouts Full call number Barcode Date last seen Cost, replacement price Price effective from Koha item type
        Sarvajanik Wachanalaya Shrivardhan Sarvajanik Wachanalaya Shrivardhan 02/08/2004 50.00   10971 SAWASHRI-10971 06/30/2009 50.00 06/30/2009 Book